000 00248nam a22001217a 4500
008 171227b xxu||||| |||| 00| 0 eng d
041 _aeng
080 _a821
100 _a21
101 _aGJL
245 _aFranklin
_cDoren, C.V
942 _2udc
_cBK
999 _c39451
_d39451